Statistics for Cape Verde's Islands

Click here to take the quiz!

General Stats

  • This quiz has been taken 176 times
  • The average score is 7 of 10

Answer Stats

Area (km)Island% Correct
216Sal
83%
476Fogo
81%
991Santiago
78%
620Boa Vista
75%
227São Vicente
64%
779Santo Antão
63%
67Brava
59%
388São Nicolau
56%
35Santa Luzia
56%
269Maio
52%

Score Distribution

Percentile by Number Answered

Percent of People with Each Score

Your Score History

You have not taken this quiz